header

Science, the singular, and the question of theology (Record no. 7649)

MARC details
000 -LEADER
fixed length control field 01251nam a2200313Ia 4500
001 - CONTROL NUMBER
control field ebr10022980
003 - CONTROL NUMBER IDENTIFIER
control field CaPaEBR
006 - FIXED-LENGTH DATA ELEMENTS--ADDITIONAL MATERIAL CHARACTERISTICS--GENERAL INFORMATION
fixed length control field m u
007 - PHYSICAL DESCRIPTION FIXED FIELD--GENERAL INFORMATION
fixed length control field cr cn|||||||||
008 - FIXED-LENGTH DATA ELEMENTS--GENERAL INFORMATION
fixed length control field 010522s2002 nyu sb 001 0 eng d
020 ## - INTERNATIONAL STANDARD BOOK NUMBER
Cancelled/invalid ISBN 0312299125
040 ## - CATALOGING SOURCE
Original cataloging agency CaPaEBR
Transcribing agency CaPaEBR
035 ## - SYSTEM CONTROL NUMBER
System control number (OCoLC)55664211
050 14 - LIBRARY OF CONGRESS CALL NUMBER
Classification number BT26
Item number .L44 2002eb
082 04 - DEWEY DECIMAL CLASSIFICATION NUMBER
Classification number 230/.2/0902
Edition number 21
100 1# - MAIN ENTRY--PERSONAL NAME
Personal name Lee, Richard A.,
Titles and other words associated with a name Jr.
245 10 - TITLE STATEMENT
Title Science, the singular, and the question of theology
Medium [electronic resource] /
Statement of responsibility, etc Richard A. Lee, Jr.
260 ## - PUBLICATION, DISTRIBUTION, ETC. (IMPRINT)
Place of publication, distribution, etc New York ;
-- Houndmills, Basingstroke, Hampshire :
Name of publisher, distributor, etc Palgrave,
Date of publication, distribution, etc 2002.
300 ## - PHYSICAL DESCRIPTION
Extent ix, 180 p.
490 1# - SERIES STATEMENT
Series statement New Middle Ages
504 ## - BIBLIOGRAPHY, ETC. NOTE
Bibliography, etc Includes bibliographical references (p. [159]-170) and index.
533 ## - REPRODUCTION NOTE
Type of reproduction Electronic reproduction.
Place of reproduction Palo Alto, Calif. :
Agency responsible for reproduction ebrary,
Date of reproduction 2009.
Note about reproduction Available via World Wide Web.
-- Access may be limited to ebrary affiliated libraries.
650 #0 - SUBJECT ADDED ENTRY--TOPICAL TERM
Topical term or geographic name as entry element Theology, Doctrinal
General subdivision History
Chronological subdivision Middle Ages, 600-1500.
Topical term or geographic name as entry element Philosophy, Medieval.
655 #7 - INDEX TERM--GENRE/FORM
Genre/form data or focus term Electronic books.
Source of term local
710 2# - ADDED ENTRY--CORPORATE NAME
Corporate name or jurisdiction name as entry element ebrary, Inc.
830 #0 - SERIES ADDED ENTRY--UNIFORM TITLE
Uniform title New Middle Ages.
856 40 - ELECTRONIC LOCATION AND ACCESS
Uniform Resource Identifier <a href="http://site.ebrary.com/lib/rucke/Doc?id=10022980">http://site.ebrary.com/lib/rucke/Doc?id=10022980</a>
Public note An electronic book accessible through the World Wide Web; click to view

No items available.

© 2026 Rongo University
Contact us: librarian | system librarian | Rongo university